[Event "Maria Teresa Mora Memorial op"]
[Site "Havana"]
[Date "2018.03.08"]
[Round "1"]
[White "Bacerio Arruza, Alejandro"]
[Black "Gonzalez Pina, Evelyn"]
[Result "1-0"]
[WhiteElo "2059"]
[BlackElo "1888"]
[PlyCount "73"]
[EventDate "2018.03.08"]
[EventType "swiss"]
[EventRounds "9"]
[EventCountry "CUB"]
[SourceTitle "EXT 2021"]
[Source "ChessBase"]
[SourceDate "2020.10.23"]
[SourceVersion "1"]
[SourceVersionDate "2020.10.23"]
[SourceQuality "1"]

1. e4 c5 2. Nf3 e6 3. d4 cxd4 4. Nxd4 a6 5. Be2 Nf6 6. e5 Qa5+ 7. Nd2 Qxe5 8. N2f3 Qc7 9. 0-0 d5 10. Re1 Bd6 11. Bd3 0-0 12. Bg5 Be7 13. c3 Re8 14. Ne5 Nbd7 15. Bxf6 Nxf6 16. Qe2 Bc5 17. Nb3 Bd6 18. f4 b5 19. g4 Bb7 20. Nd2 Bc5+ 21. Kf1 d4 22. cxd4 Bxd4 23. Rac1 Qd6 24. g5 Nd5 25. Bxh7+ Kf8 26. Ne4 Qe7 27. Qf3 Ne3+ 28. Rxe3 Bxe3 29. Qxe3 Rac8 30. Nc5 Bc6 31. b4 Red8 32. Qh3 Rd2 33. Be4 Ke8 34. Qh8+ Qf8 35. Bxc6+ Rxc6 36. Qxf8+ Kxf8 37. Nxc6 1-0

[Event "Maria Teresa Mora Memorial op"]
[Site "Havana"]
[Date "2018.??.??"]
[Round "7"]
[White "Morales Garcia, Alexei"]
[Black "Bacerio Arruza, Alejandro"]
[Result "0-1"]
[WhiteElo "2113"]
[BlackElo "2059"]
[PlyCount "54"]
[EventDate "2018.03.08"]
[EventType "swiss"]
[EventRounds "9"]
[EventCountry "CUB"]
[SourceTitle "EXT 2021"]
[Source "ChessBase"]
[SourceDate "2020.10.23"]
[SourceVersion "1"]
[SourceVersionDate "2020.10.23"]
[SourceQuality "1"]

1. Nf3 Nf6 2. d4 e6 3. g3 Be7 4. Bg2 0-0 5. 0-0 h6 6. c4 d5 7. Nc3 dxc4 8. Qa4 c6 9. Qxc4 Nbd7 10. Rd1 Qb6 11. e4 Rd8 12. Qe2 Nf8 13. h3 Ng6 14. Be3 Bb4 15. Ne5 Nf8 16. Nd3 Be7 17. Rac1 Qc7 18. b4 Qd7 19. b5 Qe8 20. bxc6 bxc6 21. Ne5 Bb7 22. h4 Rac8 23. Rb1 Ba8 24. Qa6 c5 25. d5 exd5 26. exd5 Bd6 27. Nc4 Ng4 0-1